Loading...
| Mythology | 0 | 7 | 2 | 0 | 60 | 52 | 76.57 | 5 | 7 | 23.19 | 51.28 |
| Religion | 0 | 5 | 0 | 2 | 50 | 71 | 107.20 | 3 | 4 | 7.74 | 25.64 |
| Social Science | 0 | 5 | 2 | 0 | 40 | 63 | 94.60 | 3 | 4 | 7.99 | 33.33 |
| Science - Biology | 0 | 3 | 0 | 0 | 30 | 59 | 97.67 | 1 | 2 | 4.26 | 12.82 |
| Philosophy | 0 | 3 | 1 | 0 | 25 | 64 | 84.00 | 1 | 2 | 8.03 | 16.67 |
| Literature - World | 0 | 2 | 0 | 0 | 20 | 78 | 92.00 | 2 | 2 | 4.78 | 15.38 |
| Geography | 0 | 2 | 0 | 0 | 20 | 57 | 68.00 | 1 | 2 | 24.25 | 45.83 |
| Fine Arts - Other | 0 | 2 | 0 | 0 | 20 | 125 | 131.50 | 0 | 0 | 0.52 | 3.85 |
| Science - Chemistry | 0 | 2 | 0 | 0 | 20 | 120 | 124.50 | 0 | 0 | 0.12 | 3.85 |
| Science - Physics | 0 | 1 | 0 | 0 | 10 | 95 | 95.00 | 1 | 1 | 2.36 | 7.69 |
| Fine Arts - Classical Music | 0 | 1 | 0 | 0 | 10 | 122 | 122.00 | 0 | 0 | 0.53 | 1.28 |
| Current Events | 0 | 1 | 0 | 0 | 10 | 88 | 88.00 | 1 | 1 | 9.62 | 25.00 |
| Science - Other | 0 | 1 | 0 | 0 | 10 | 121 | 121.00 | 0 | 0 | 0.00 | 2.56 |
| History - American | 0 | 1 | 1 | 0 | 5 | 110 | 110.00 | 0 | 0 | 1.03 | 1.28 |